| 000 | 02222nam a2200469 i 4500 | ||
|---|---|---|---|
| 001 | ebr10997386 | ||
| 003 | CaPaEBR | ||
| 006 | m o d | ||
| 007 | cr cn||||||||| | ||
| 008 | 150109t20142014iluad o 000 0 eng d | ||
| 020 | _z9780838959381 | ||
| 020 | _a9780838959398 (e-book) | ||
| 040 |
_aCaPaEBR _beng _erda _epn _cCaPaEBR |
||
| 035 | _a(OCoLC)897906528 | ||
| 050 | 1 | 4 |
_aHM742 _b.V354 2014eb |
| 082 | 0 | 4 |
_a302.231 _223 |
| 100 | 1 |
_aValenza, Joyce Kasman, _eauthor. |
|
| 245 | 1 | 0 |
_aSocial media curation / _cJoyce Kasman Valenza, Brenda L. Boyer, and Della Curtis ; advertising representative, Patrick Hogan ; editor, Patrick Hogan ; copy editor, Judith Lauber ; Tim Clifford, production editor ; Karen Sheets de Gracia, manager of design and composition. |
| 264 | 1 |
_aChicago, Illinois : _bALA TechSource, _c2014. |
|
| 264 | 4 | _c�2014 | |
| 300 |
_a1 online resource (77 pages) : _bcolor illustrations, charts. |
||
| 336 |
_atext _2rdacontent |
||
| 337 |
_acomputer _2rdamedia |
||
| 338 |
_aonline resource _2rdacarrier |
||
| 490 | 1 |
_aLibrary Technology Reports ; _vVolume 50, Number 7 |
|
| 588 | _aDescription based on online resource; title from PDF title page (ebrary, viewed January 9, 2015). | ||
| 590 | _aElectronic reproduction. Palo Alto, Calif. : ebrary, 2014. Available via World Wide Web. Access may be limited to ebrary affiliated libraries. | ||
| 650 | 0 | _aSocial media. | |
| 650 | 0 | _aDigital preservation. | |
| 650 | 0 |
_aOnline social networks _xLibrary applications. |
|
| 655 | 0 | _aElectronic books. | |
| 700 | 1 |
_aBoyer, Brenda L., _eauthor. |
|
| 700 | 1 |
_aCurtis, Della, _eauthor. |
|
| 700 | 1 |
_aHogan, Patrick, _eeditor. |
|
| 700 | 1 |
_aLauber, Judith, _eeditor. |
|
| 700 | 1 |
_aClifford, Tim, _eeditor. |
|
| 700 | 1 |
_ade Gracia, Karen Sheets, _edesigner. |
|
| 776 | 0 | 8 |
_iPrint version: _aValenza, Joyce Kasman. _tSocial media curation. _dChicago, Illinois : ALA TechSource, c2014 _h75 pages _kLibrary technology reports ; Volume 50, Number 7. _z9780838959381 |
| 797 | 2 | _aebrary. | |
| 830 | 0 |
_aLibrary technology reports ; _vVolume 50, Number 7. |
|
| 856 | 4 | 0 |
_uhttp://site.ebrary.com/lib/rucke/Doc?id=10997386 _zAn electronic book accessible through the World Wide Web; click to view |
| 999 |
_c41473 _d41473 |
||